NBA: Bucks Rebounds Leader Every Season - Statistics

General Stats
  • This quiz has been taken 19 times
  • The average score is 29 of 55
Answer Stats
Season RPG Position Answer % Correct
2023 11.8 F Giannis Antetokounmpo
100%
2022 11.6 F Giannis Antetokounmpo
100%
2021 11.0 F Giannis Antetokounmpo
100%
2020 13.6 F Giannis Antetokounmpo
100%
2019 12.5 F Giannis Antetokounmpo
100%
2018 10.0 F Giannis Antetokounmpo
100%
2017 8.8 F Giannis Antetokounmpo
100%
1975 14.0 C Kareem Abdul-Jabbar
94%
1974 14.5 C Kareem Abdul-Jabbar
94%
1973 16.1 C Kareem Abdul-Jabbar
94%
1972 16.6 C Kareem Abdul-Jabbar
94%
1971 16.0 C Kareem Abdul-Jabbar
94%
1970 14.5 C Kareem Abdul-Jabbar
94%
1989 8.1 F Terry Cummings
81%
1986 8.5 F Terry Cummings
81%
1985 9.1 F Terry Cummings
81%
2001 7.5 C Ervin Johnson
69%
2000 8.1 C Ervin Johnson
69%
1981 6.8 F Marques Johnson
69%
1980 7.4 F Marques Johnson
69%
1979 7.6 F Marques Johnson
69%
1978 10.6 F Marques Johnson
69%
2011 11.1 C Andrew Bogut
63%
2010 10.2 C Andrew Bogut
63%
2009 10.3 C Andrew Bogut
63%
2008 9.8 C Andrew Bogut
63%
2007 8.8 C Andrew Bogut
63%
1982 6.7 G Sidney Moncrief
56%
1990 6.9 G Alvin Robertson
50%
1997 10.3 C Vin Baker
50%
1996 9.9 C Vin Baker
50%
1995 10.3 C Vin Baker
50%
1994 7.6 C Vin Baker
50%
1976 11.4 C Elmore Smith
31%
2012 8.8 F Ersan İlyasova
31%
2016 8.8 C Greg Monroe
31%
2004 8.5 F Joe Smith
31%
1988 8.6 F Jack Sikma
25%
1987 10.0 F Jack Sikma
25%
1992 9.1 C Moses Malone
25%
2002 7.9 F Anthony Mason
19%
2003 6.7 F Desmond Mason
19%
2013 9.5 C Larry Sanders
19%
1984 7.4 F Alton Lister
13%
1983 7.1 F Alton Lister
13%
1999 7.9 F Tyrone Hill
13%
1998 10.7 F Tyrone Hill
13%
2015 6.8 C Zaza Pachulia
13%
2005 8.3 C Dan Gadzuric
6%
1969 13.0 C Zaid Abdul-Aziz
6%
1993 6.2 F Anthony Avent
0%
1991 6.5 C Danny Schayes
0%
2006 9.5 C Jamaal Magloire
0%
2014 7.8 F Jeff Adrien
0%
1977 12.0 C Swen Nater
0%
No matching quizzes found
Score Distribution
Percent of People with Each Score
Percentile by Number Answered
Your Score History
You have not taken this quiz